logo

Bir Sreshtho Munshi Abdur Rouf Library
Jhenaidah Cadet College

আরবের ইতিহাস : (Record no. 7323)

MARC details
000 -LEADER
fixed length control field 00807nam a2200217 a 4500
001 - CONTROL NUMBER
JCCL Control Number 7323
003 - CONTROL NUMBER IDENTIFIER
JCCL marc code BD-JhCC
005 - DATE AND TIME OF LATEST TRANSACTION
control field 20211111134021.0
008 - FIXED-LENGTH DATA ELEMENTS--GENERAL INFORMATION
fixed length control field 180207s2003 b |||| ||a| 000 0 b d
035 ## - SYSTEM CONTROL NUMBER
system control number (BD-JhCC)7323
040 ## - CATALOGING SOURCE
Original cataloging agency BD-JhCC
Modifying agency BD-JhCC
041 ## - LANGUAGE CODE
Language code of Book eng
082 ## - DEWEY DECIMAL CLASSIFICATION NUMBER
Classification number 297.822
Author mark and Year HIT 2003
100 ## - MAIN ENTRY--PERSONAL NAME
Personal name হিট্টির ,প্রফেসর পি. কে.
245 ## - TITLE STATEMENT
Title আরবের ইতিহাস :
Remainder of title দ্য হিস্ট্রি অব দ্য এ্যারাবস্ অবলম্বনে /
Statement of responsibility, etc প্রফেসর পি. কে. হিট্টির
260 ## - PUBLICATION, DISTRIBUTION, ETC. (IMPRINT)
Place of publication, distribution, etc ঢাকা :
Name of publisher, distributor, etc জ্ঞানকোষ প্রকাশনী ;
Date of publication, distribution, etc 2003 .
300 ## - PHYSICAL DESCRIPTION
Pagination 559 p . :
Other physical details ill ;
Dimensions 22 cm.
651 ## - SUBJECT ADDED ENTRY--GEOGRAPHIC NAME
Geographic name Islamic History
942 ## - ADDED ENTRY ELEMENTS (KOHA)
Source of classification or shelving scheme Library of Congress Classification
Koha item type Books
Koha issues (borrowed), all copies 5
Holdings
Source of classification or shelving scheme Damaged status Not for loan Home library Current library Shelving location Date of accession Cost, normal purchase price Total Checkouts Full call number Barcode Date last seen Date checked out Copy number Koha item type
Dewey Decimal Classification     JCC Rouf Library JCC Rouf Library General Stacks 07/02/2018 230.00 4 297.822 HIT 2003 9803 12/09/2021 11/10/2021 C-1 Books

JCC Library | Contacts | JCC Home

Last Update on 23 September 2017
Copyright @ 2017-2020 JCC Rouf Library
Rouf Library, Jhenidah Cadet College (JCC), Bangladesh